| 000 | 01125naa a2200277 c 4500 | ||
|---|---|---|---|
| 001 | 47500 | ||
| 003 | ES-MaCES | ||
| 005 | 20160420134248.0 | ||
| 008 | 160420s2016 sp ||||| t||||||| ||spa d | ||
| 040 |
_aES-MaCES _bspa _cES-MaCES _dES-MaCES |
||
| 100 | 1 |
_918941 _aMontoya Medina, David |
|
| 245 | 1 | 3 |
_aEl despido del trabajador extranjero en situación irregular _b= The dismissal of foreign workers in an irregular situation _cDavid Montoya Medina |
| 500 | _aResumen | ||
| 504 | _aBibliografía: p. 56-58 | ||
| 650 | 4 |
_930619 _ainmigración ilegal |
|
| 650 | 4 |
_929188 _amigrante irregular |
|
| 650 | 4 |
_928408 _atrabajador migrante |
|
| 650 | 4 |
_929563 _atrabajo clandestino |
|
| 650 | 4 |
_928352 _adespido |
|
| 650 | 4 |
_930703 _asuspensión del contrato de trabajo |
|
| 650 | 4 |
_929829 _apermiso de residencia |
|
| 653 | 1 | 0 | _aRelaciones laborales-Empleo |
| 773 | 0 |
_984316 _dMadrid (Ignacio Ellacuría, 3, 28017) Civitas _o087218 _tNueva revista española de Derecho del trabajo _w(ES-MaCES)25060 _gn. 184 (feb. 2016) {10040 R. 087218} ;p. 29-58 |
|
| 902 | _aART Artículo de revista | ||
| 942 |
_2CES _cAR _h2.0. |
||
| 999 |
_c47500 _d47500 |
||